La enseñanza del léxico en los programas de español del tercer ciclo del sistema educativo costarricense (Período de 1971 a 1995)

Сохранить в:
Библиографические подробности
Главный автор: Araya Calderón, Kattia
Формат:
Язык:Undetermined
Опубликовано: San José, Costa Rica Escuela de Filología, Lingüística y Literatura 2000
Предметы:
Метки: Добавить метку
Нет меток, Требуется 1-ая метка записи!

MARC

LEADER 00000nam a2200000Ia 4500
008 170316s9999 xx 000 0 und d
040 |a cru BVZT 
090 |a Tesis 637 
100 |a Araya Calderón, Kattia 
245 |a La enseñanza del léxico en los programas de español del tercer ciclo del sistema educativo costarricense (Período de 1971 a 1995) 
260 |a San José, Costa Rica 
260 |b Escuela de Filología, Lingüística y Literatura 
260 |c 2000 
300 |a 97 páginas 
650 |a LICENCIATURA EN FILOLOGÍA ESPAÑOLA 
650 |a TRABAJO FINAL DE GRADUACIÓN 
999 |c 14293  |d 14293 
942 |c TFG  |h Tesis 637  |2 z